000 00318nam a22001457a 4500
008 210322b ||||| |||| 00| 0 eng d
020 _a0495031690
041 _aeng
080 _a159.9
082 _a159.9
100 _a48
101 _aPSI
245 _aSocial Psychology Alive
_cBreckler, S. J
942 _2udc
_cBK
999 _c56649
_d56649